000 01655nam2a2200265 4500
001 RU\NLR\bibl\364501
005 20250621161608.0
035 _a(NLR Aleph) 000359082
090 _a324171
_c324171
100 _a20030207d2002 |||y0rusy50 ca
101 0 _arus
_aeng
102 _aRU
105 _aa |||||||||
200 1 _aФизико-технические проблемы использования алмаза
210 _d2002
_aБ. м.
215 _a117,[1] с.
_cил.
320 _aБиблиогр. в конце докл.
461 0 _1001RU\NLR\bibl\367459
_12001#$aI Евразийский симпозиум по проблемам прочности материалов и машин для регионов холодного климата EURASTRENCOLD-2002, 16-20 июля 2002 г., г. Якутск$vЧ. 6
_9341775
_aЕвразийский симпозиум по проблемам прочности материалов и машин для регионов холодного климата (1 ; 2002 ; Якутск)
_cЯкутск
_d2002
_f[Объед. ин-т физ.-техн. пробл. Севера]
_nБ.и.
_tI Евразийский симпозиум по проблемам прочности материалов и машин для регионов холодного климата EURASTRENCOLD-2002, 16-20 июля 2002 г., г. Якутск
_vЧ. 6
606 0 _aАлмазы
_jСъезды, совещания и т.п.
_9937892
_3RU\NLR\auth\6627857
686 _aЖ374.1я431
801 0 _aRU
_bNLR
_c20030207
_gPSBO
801 1 _aRU
_bNLR
_c20030207
942 _cBOOK
980 _aNB